|
|
|
|
| LEADER |
04913nam a22003973i 4500 |
| 001 |
EBC6508144 |
| 003 |
MiAaPQ |
| 005 |
20231204023215.0 |
| 006 |
m o d | |
| 007 |
cr cnu|||||||| |
| 008 |
231204s2021 xx o ||||0 ger d |
| 020 |
|
|
|a 9783839455852
|q (electronic bk.)
|
| 020 |
|
|
|z 9783837655858
|
| 035 |
|
|
|a (MiAaPQ)EBC6508144
|
| 035 |
|
|
|a (Au-PeEL)EBL6508144
|
| 035 |
|
|
|a (OCoLC)1233041995
|
| 040 |
|
|
|a MiAaPQ
|b eng
|e rda
|e pn
|c MiAaPQ
|d MiAaPQ
|
| 100 |
1 |
|
|a Schurzmann-Leder, Lena.
|
| 245 |
1 |
0 |
|a Körper, Leistung, Selbstdarstellung :
|b Medienaneignung jugendlicher Zuschauerinnen von Germany's Next Topmodel.
|
| 250 |
|
|
|a 1st ed.
|
| 264 |
|
1 |
|a Bielefeld :
|b transcript,
|c 2021.
|
| 264 |
|
4 |
|c {copy}2021.
|
| 300 |
|
|
|a 1 online resource (349 pages)
|
| 336 |
|
|
|a text
|b txt
|2 rdacontent
|
| 337 |
|
|
|a computer
|b c
|2 rdamedia
|
| 338 |
|
|
|a online resource
|b cr
|2 rdacarrier
|
| 490 |
1 |
|
|a Edition Medienwissenschaft ;
|v v.84
|
| 505 |
0 |
|
|a Cover -- Inhalt -- Danke -- 1 Einführung -- 1.1 Relevanz der Arbeit -- 1.2 Theoretische Vorannahmen und (Selbst-)Anspruch der Arbeit -- 1.3 Aufbau der Arbeit -- 2 Identitätsarbeit in neoliberalen Gesellschaften: Jugendliche, Geschlecht, Körper und Medien -- 2.1 Subjektivierung in gouvernementalen Machtverhältnissen -- 2.1.1 Die Entwicklung neoliberaler Machtverhältnisse in Michel Foucaults Gouvernementalitätskonzept -- 2.1.2 Subjektivierung, Selbsttechnologien und der Homo Oeconomicus -- 2.1.3 Das Gouvernementalitätskonzept in der Anwendung der Medienforschung -- 2.2 Medienaneignung und Cultural Studies -- 2.3 Jugendliche in diversifizierten Lebenswelten des 21. Jahrhunderts -- 2.3.1 Jugend und Subjektwerdung in kontemporären (Selbst-)Verhältnissen -- 2.3.2 Das Fernsehen in jugendlichen Lebenswelten -- 2.3.3 Medien + Sozialisation = Mediensozialisation? Jugendliche, Geschlecht, Körper und Medien -- 2.4 Synthese: Neoliberale Körper im analogen und digitalen Raum -- 2.5 Zusammenfassung -- 3 Der Forschungsstand zu Reality TV, Castingshows und Germany's Next Topmodel -- 3.1 Reality TV - Perspektiven auf ein populärkulturelles Genre -- 3.2 Castingshows - Ein Subgenre und dessen Facetten -- 3.3 Germany's Next Topmodel - Formales zur Sendung -- 3.4 Empirische Studien zur Aneignung von Germany's Next Topmodel -- 3.5 Zusammenfassung -- 4 Methodik -- 4.1 Qualitative Forschung -- 4.2 Gruppendiskussionen -- 4.3 Der Forschungsprozess -- 4.3.1 Die Planungsphase: Konzeption von Leitfaden und Stichprobe und Vorgehen bei der Rekrutierung -- 4.3.2 Die Erhebungsphase: Fallvorstellung und Ablauf der Gruppendiskussionen -- 4.3.3 Die Auswertungsphase: Datenerfassung, Transkription und Befundung mit der Grounded Theory -- 5 Befunde: Medienaneignung und Schönheitspraktiken in den Erfahrungsbezügen disperser Normenkontexte.
|
| 505 |
8 |
|
|a 5.1 Medienaneignung von Germany's Next Topmodel: Weiblich codierte Bilder des Außer-Alltäglichen und Leistungsimperative in unterhaltungs- und orientierungsgeleiteter Aneignung -- 5.1.1 Vertrautheit, Distanzierung und Retrospektion: Allgemeine Erkenntnisse zur Aneignung -- 5.1.2 Sehvergnügen an Bildern des Außergewöhnlichen und Lust an Intimisierung: Die unterhaltungsgeleitete Aneignung -- 5.1.3 Zwischen Leistungsimperativen und Doing Appearance: Die orientierungsgeleitete Aneignung -- 5.1.4 Kritische Perspektiven - Von Kritik mit Vergnügen bis Empathie und Eigensinn -- 5.1.5 Schlussbetrachtungen zu den Befunden zur Medienaneignung -- 5.2 Schönheitshandeln in jugendlichen Lebenswelten: Aussehensbezogene Praxen als Modelle gelungener Selbstführung zwischen Privatheit und Öffentlichkeit -- 5.2.1 Schönheitshandeln als Verkörperung normalisierter Werte in lebensweltlichen Räumen -- 5.2.2 Exkurse: Verschiedene Formen von Schönheitshandlungen, männliche Schönheitspraktiken, Inszenierungen in sozialen Netzwerken und Infragestellungen -- 5.2.3 Schlussbetrachtung zu den Befunden zum Schönheitshandeln -- 6 Resümee und Ausblick -- 6.1 Zusammenfassung der Erkenntnisse der Arbeit -- 6.2 Offene Fragen und Ausblick -- 6.3 Verschiebungen von Normalisierungen - persönliche Reflexionen zu praktischen Folgen aus den Erkenntnissen der Arbeit -- Literaturverzeichnis -- Online-Quellen -- Abbildungsverzeichnis.
|
| 588 |
|
|
|a Description based on publisher supplied metadata and other sources.
|
| 590 |
|
|
|a Electronic reproduction. Ann Arbor, Michigan : ProQuest Ebook Central, 2023. Available via World Wide Web. Access may be limited to ProQuest Ebook Central affiliated libraries.
|
| 655 |
|
4 |
|a Electronic books.
|
| 776 |
0 |
8 |
|i Print version:
|a Schurzmann-Leder, Lena
|t Körper, Leistung, Selbstdarstellung
|d Bielefeld : transcript,c2021
|z 9783837655858
|
| 797 |
2 |
|
|a ProQuest (Firm)
|
| 830 |
|
0 |
|a Edition Medienwissenschaft
|
| 856 |
4 |
0 |
|u https://ebookcentral.proquest.com/lib/matrademy/detail.action?docID=6508144
|z Click to View
|